Präfekturen Japans - Eine Minute Sprint - Statistiken

Allgemein
  • Dieses Quiz wurde 57 mal gespielt
  • Das Durchschnittsergebnis liegt bei 18 aus 47
Antworten auf der Karte
Die Antworten werden auf der Karte rot bzw. grün angezeigt, abhängig davon wie oft sie richtig erraten wurden.
 
Antwortstatistiken
Prefecture % Korrekt
Tokio
94%
Hokkaido
86%
Osaka
72%
Aomori
64%
Fukushima
61%
Akita
58%
Kyoto
53%
Miyagi
53%
Saitama
53%
Fukuoka
47%
Niigata
47%
Chiba
44%
Ehime
44%
Yamagata
44%
Iwate
42%
Miyazaki
42%
Nagasaki
42%
Saga
42%
Kagawa
39%
Kōchi
39%
Kumamoto
39%
Nara
39%
Ōita
36%
Okinawa
36%
Aichi
33%
Hiroshima
33%
Kanagawa
33%
Wakayama
33%
Ishikawa
31%
Mie
31%
Nagano
31%
Tokushima
31%
Tottori
31%
Gifu
28%
Hyōgo
28%
Toyama
28%
Ibaraki
25%
Kagoshima
25%
Shiga
25%
Yamanashi
25%
Fukui
22%
Gunma
22%
Shimane
22%
Shizuoka
22%
Yamaguchi
22%
Tochigi
19%
Okayama
11%
Keine übereinstimmenden Quizze gefunden
Verteilung der Resultate
Anzahl Personen mit jedem Resultat
Perzentil nach korrekt beantworteten Fragen
Ihre Resultats-Entwicklung
Sie haben dieses Quiz noch nicht gespielt